| 000 | 00719nam a22002297a 4500 | ||
|---|---|---|---|
| 005 | 20230327054042.0 | ||
| 008 | 230327b |||||||| |||| 00| 0 eng d | ||
| 020 | _a0-06-440863-9 | ||
| 082 | _aFic. Sn672a 2000 | ||
| 100 |
_aSnicket, Lemony _eauthor |
||
| 245 |
_aThe Austere academy / _cLemony Snicket; illustrated by Brett Helquist |
||
| 260 |
_aNew York: _bHarperCollins Publishers, _cc2000 |
||
| 300 |
_a221p.: _bill. |
||
| 490 | _aUnfortunate events series; book 5 | ||
| 541 | _e5522 | ||
| 650 | _aOrphans - Fiction | ||
| 650 | _aBrothers and sisters - Fiction | ||
| 650 | _aBoarding schools - Fiction | ||
| 650 | _aSchools - Fiction | ||
| 650 | _aHumorous fiction | ||
| 700 |
_aHelquist, Brett _eillustrator |
||
| 999 |
_c1989 _d1989 |
||